000 00594nam a22001817a 4500
005 20251108164113.0
008 250721s9999 xx 000 0 ara d
082 1 4 _a217,6/محم
100 1 _aهراس، محمد خليل
245 1 0 _aشرح العقيدة الواسطية لشيخ الإسلام إبن تيمية /
250 _aط4.
264 1 _aالرياض :
_bرئاسة إدارات البحوث والأفتاء والدعوة والأرشاد،
_c[19-].
300 _a187ص
650 1 7 _aالحديث الشريف
650 1 7 _aالفقه
942 _2ddc
_cBK
999 _c3722
_d3722